000 01378cam a22003857a 4500
003 CHAP
005 20220817043533.0
008 990521d1999 mx ab r 00110 spa d
010 _a77900
011 _a78872
035 _a88974
040 _cCHAP
090 _aTesis
100 0 0 _aEvangelista Oliva, Virginia.
_938919
245 1 0 _aInfluencia de dos cultivos comerciales en el cultivo de maíz en la comunidad de Naupán, Puebla
_c/ por Virginia Evangelista Oliva
260 _aMéxico, D.F. :
_bEl autor,
_c1999.
300 _a120 h. :
_bilus. ; gráfs. ; mapas ; cuadros
502 _aTesis (M.C.) -- UNAM. Facultad de Ciencias. División de Estudios de Posgrado
590 _aALEPH
_b10
_c20130110
_lUCH01
_h1429
590 _aBATCH-UPD
_b10
_c20130110
_lUCH01
_h0512
590 _aBATCH-UPD
_b10
_c20130410
_lUCH01
_h0150
590 _aBATCH-UPD
_b10
_c20130914
_lUCH01
_h0811
590 _aCONVERSION
_b10
_c20130109
_lUCH01
_h1343
650 1 4 _aCafé
_zPuebla.
_917214
650 1 4 _aChile (Botánica)
_xPuebla.
_922387
650 1 4 _aCultivos
_xPuebla.
_930314
650 1 4 _aMaíz
_zPuebla.
650 1 4 _aRotación de cultivos.
_9100243
650 1 4 _aSistemas de cultivo.
_9106746
901 _aBK
905 _aBlanca M. García O.
942 _cFOLL
949 _bBC
_cTES
_d33724000739405
_eTS2
_fc.2
_h34022
_i88974
_si
949 _bBC
_cTES
_d889741
_eTS1
_h33967
_i88974
_sb
999 _c77900
_d77900